000 00343pab a2200145 454500
008 180718b1995 xxu||||| |||| 00| 0 eng d
100 _aSubramanian, S.
245 _aThe police in India
_battitudinal change a must
260 _c1995
300 _ap.8
362 _a27 Jul
650 _aPolice - India
773 _aTribune
909 _a29850
999 _c29850
_d29850